000 01353naa a22003737a 4500
001 BR7405519
003 BR-BrBNA
005 20240918173629.0
007 ta
008 230509b bl.||||| |||| 00| 0 por d
040 _aBR-BrBNA
_bpor
_cBiblioteca Nacional de Agricultura
041 _a(Pt)
072 _aL36
_b8951
_bG514
090 _aL36 BR7405519
100 1 _aGallo, J.R.
100 1 _aHiroce, R.
100 1 _aBataglia, O.C.
100 1 _aFurlani, A.M.C.
100 1 _aMattos, H.B. de
100 1 _aSartini, H.J.
100 1 _aFonseca, M.F.
111 1 _a11. Reuniao da Sociedade Brasileira de Zootecnia
_cFortaleza, CE (Brazil)
_d22 Jul 1974
245 1 _aComposicao quimica inorganica de forrageiras no estado de Sao Paulo [Brasil]
260 3 _aFortaleza, CE (Brasil):
_bUniversidade Federal do Ceara,
_c1974.
500 _aAnais da 11. Reuniao da Sociedade Brasileira de Zootecnia Fortaleza, CE (Brasil): Universidade Federal do Ceara, 1974. p. 304-305 (BR7405519-AM)L36
650 _aComposicao de alimento
650 _aForragem
650 _aAnalise quimica
650 _aComposicao quimica
650 _aSao Paulo
773 0 _tAnais da 11. Reuniao da Sociedade Brasileira de Zootecnia
_wL36 BR7405519
_gFortaleza, CE (Brasil), 1974. p. 304-305
909 _a202404
_bLucia
_c55
_dLucia Elande
942 _cAM
_2AGRIS
999 _c305855
_d305855